| 000 | 00523nam a22001577a 4500 | ||
|---|---|---|---|
| 003 | OSt | ||
| 005 | 20151102095643.0 | ||
| 008 | 151102b xxu||||| |||| 00| 0 eng d | ||
| 040 | _cRUA | ||
| 082 | _aFOR សេង 1993 B118 Or.1 | ||
| 100 |
_93170 _aសេង កុសល |
||
| 245 | _aការសិក្សាស្រាវជ្រាវជំរឿនដីព្រៃឈើក្នុងខេត្ត ព្រៃវែង | ||
| 260 |
_aPhnom Penh _bRUA _c1993 |
||
| 300 |
_a73p. _bill. _c29cm. |
||
| 942 |
_2ddc _cFOR |
||
| 999 |
_c2958 _d2958 |
||